Gaming Quiz

Random Gaming or Video Games Quiz
Score 0/15 Timer 06:00
4 Plays Today
% Correct
Super Mario Bros.
99%
Minecraft
93.7%
Pac-Man
92.7%
Angry Birds
90.7%
Wii Sports
88.2%
The Sims
85.4%
Sonic the Hedgehog
82.9%
Pokémon Red and Blue
79%
% Correct
The Legend of Zelda
65.6%
The Elder Scrolls V: Skyrim
61.9%
Batman: Arkham Asylum
54.9%
Bioshock
53.3%
Call of Duty: Black Ops
42.1%
Halo: Combat Evolved
39.6%
Superman: The New Adventures
30%
Remove Ads.
Support Sporcle.
Get the best of Sporcle when you Go Orange. This ad-free experience offers more features, more stats, and more fun while also helping to support Sporcle. Thank you for becoming a member.

You're not logged in!

Compare scores with friends on all Sporcle quizzes.
OR
Log In

Show Comments

Extras

Top Quizzes Today


Score Distribution

Your Account Isn't Verified!

In order to create a playlist on Sporcle, you need to verify the email address you used during registration. Go to your Sporcle Settings to finish the process.

Report this User

Report this user for behavior that violates our Community Guidelines.

Details: